Diario compilato secondo il metodo ciclico per le scuole elementari : preceduto da programmi particolareggiati e seguito da un saggio di certa biografica : tutti i giorni una lezione. Parte I : per il corso inferiore (classi 1, 2 ). Seconda edizione rived

Gespeichert in:
Bibliographische Detailangaben
1. Verfasser: Grammatica, Guiscardo
Format: Buch
Sprache:Italienisch
Erschienen: Torino Stamp. Reale della ditta G. B. Paravia e C. Edit 1897
Katalog:EDISCO:  Suchergebnis im Bibliothekskatalog
Schulbuchspezifische Eigenschaften:
Schriftenreihe:Collezione di libri d'istruzione e d'educazione 237
Tags: Tag hinzufügen
Keine Tags, Fügen Sie den ersten Tag hinzu!
Hinzugefügt zu:30.04.2016
Geändert in:04.10.2017

MARC

LEADER 00000aam a22000005 4500
001 13016
003 OSt
005 20171004085413.0
008 160501s1897 it 000 0 ita
040 |c Elena Facco - Padova - CUBI 
041 1 |a ita 
100 1 |a Grammatica, Guiscardo 
245 0 0 |a Diario compilato secondo il metodo ciclico per le scuole elementari : preceduto da programmi particolareggiati e seguito da un saggio di certa biografica : tutti i giorni una lezione. Parte I : per il corso inferiore (classi 1, 2 ). Seconda edizione rived 
260 |a Torino  |b Stamp. Reale della ditta G. B. Paravia e C. Edit  |c 1897 
300 |a 559 p., 1/3 ;   |c in 16° 
490 1 |a Collezione di libri d'istruzione e d'educazione 237 
510 3 |a L. 3 
901 |a 5 
942 |2 ddc  |c BK 
546 |a ita 
999 |c 13005  |d 13005 
999 |c edisco:13005  |d 13005